000 00854nam a22002297a 4500
999 _c12374
_d12374
003 AR-CdUCM
008 190408b ||||| |||| 00| 0 spa d
040 _aMUNICIPALIDAD PROVINCIAL DEL CUSCO
_cBIBLIOTECA MUNICIPAL DEL CUSCO
082 _aC / 869.56 /
_bC744
100 _aConcha Tupayachi, Salustio
_910595
245 _aEpopeya de los dioses andinos :
_b50 mitos, leyendas y otras narraciones /
260 _aCusco :
_bKopy Graf,
_c1984.
300 _a290 páginas ;
_c21 cm.
505 _aContenido: Yawar Maki -- El noble engañado -- El español astuto y la Ñusta Débil -- Origen de la vida ...
650 _aLiteratura cusqueña
_9164
650 _aCuentos Andinos
_966
650 _aSiglo XX
_98
650 _aNarraciones
_9930
710 _aInstituto nacional de Cultura - Cusco
_99277
942 _2ddc
_cLIBROS
945 _acmm
_d2019-04-08